Responses for National College Championship game #9 - Tuesday, February 15, 2022

2022 National College Championship quarterfinal game 9.

Contestants

[<< previous game]

Jeric Brual, a senior at NYU in New York, New York

Raymond Goslow, a senior at Kennesaw State University in Kennesaw, Georgia

Lucy Greenman, a senior at William & Mary in Williamsburg, Virginia

[next game >>]

Jeopardy! Round responses

A SEMESTER ABROAD
SQUID GAME
GOING GREEK ALPHABET
COURSE SYLLABLES
HITS OF 2021
HALF PAST
(Mayim: Responses will be found just after "half" in the dictionary.)
    $200 29
(Raymond: What's Australia?)
(Jeric: What's Tasmania?)

New Zealand

LucyRaymondJeric!
    $200 26
calamari

Jeric!
    $200 30
Gamma Crucis

Triple Stumper
    $200 24
Dutch

Lucy
    $200 16
Ed Sheeran

Raymond
    $200 27
a halo

Raymond
    $400 25
K2

Jeric!
    $400 21
SpongeBob (SquarePants)

Lucy
    $400 5
pi

Raymond
    $400 22
architecture

Raymond
    $400 14
Olivia Rodrigo

Raymond
    $400 28
a halter top

Raymond
    $600 20
(Mayim: Yes, that gets you back in the positive.)

the Amazon

Lucy
    $600 19
kraken

Raymond
    $600 4
(Raymond: Uh, what is Alpha Iota Omega?)

Alpha Iota Omicron

Raymond
Triple Stumper
    $600 18
seminar

Raymond
    $600 11
Kanye West

Raymond
    $600 23
hallelujah

Raymond
    $800 10
(Mayim: Yes. Gets ya on the board.)

Tokyo & Kyoto

Jeric!
    $1,600 7
Twenty Thousand Leagues Under the Sea

Raymond
    $800 3
zeta

Lucy
    $800 15
Dada

Jeric!
    $800 1
Lizzo

Raymond
    $800 17
hallmark

Triple Stumper
    $1000 9
Baku

Raymond
    $1000 13
bioluminescence

Jeric!
    $1000 6
tau

Raymond
    $1000 8
(Lucy: What is physiology?)

biochemistry

Lucy
Triple Stumper
    $1000 2
"Waves"

Triple Stumper
    $1000 12
(Raymond: What is halene?)

the halogens

Raymond
Triple Stumper

Scores at the first commercial break (after clue 15):

Lucy Raymond Jeric!
-$200 $4,200 $2,600

Scores at the end of the Jeopardy! Round:

Lucy Raymond Jeric!
$1,200 $7,000 $3,000

Double Jeopardy! Round responses

CHAPTERS IN THE NOVEL
ADD/DROP
(Mayim: And we need two words in each response.)
ISLAND FOLK
NATIONAL PARKS
THAT FILM IS FIRE
I DO DECLARE
    $400 1
Little Women

Lucy
    $400 29
grunt & runt

Lucy
    $400 30
[Jeric doubles over at getting in and being ruled correct.]
(Mayim: [Laughs] We're all glad you got it right!)

Filipino

Jeric!
    $400 28
Yellowstone

Raymond
    $400 9
The Jungle Book

Jeric!
    $400 27
France

Raymond
    $800 2
The House of the Seven Gables

Triple Stumper
    $800 18
mote & motel

Raymond
    $800 24
Sonia Sotomayor

Raymond
    $800 25
glacier

Raymond
    $800 10
Mortal Kombat

Raymond
    $800 26
Human Rights

Lucy
    $1200 3
The Lord of the Rings

Raymond
    $1200 17
neutral & neural

Triple Stumper
    $1200 23
a navigator

Raymond
    $1200 14
Kilauea

Raymond
    $1200 13
Halloween Kills

Raymond
    $1200 22
Yugoslavia

Raymond
    $1600 4
The Joy Luck Club

Raymond
    $1600 16
belated & elated

Lucy
    $1600 8
Jacqueline Kennedy

Jeric!
    $1600 6
Acadia

Raymond
    $1600 11
Gravity

Lucy
    $1600 19
Charles II

Triple Stumper
    $2000 5
The Goldfinch

Triple Stumper
    $2,000 15
(Raymond: I don't know.)
(Mayim: Wanna make a guess?)
(Raymond: No, thank you.)

sedition & edition

Raymond
    $5,000 20
(Mayim: Yes, home of the [*] dragon, and it takes you up to $20,400.)

Komodo

Raymond
    $2000 7
Dry Tortugas

Raymond
    $2000 12
Inglourious Basterds

Jeric!
    $2000 21
(Elizabeth Cady) Stanton

Lucy

Scores at the end of the Double Jeopardy! Round:

Lucy Raymond Jeric!
$8,000 $25,200 $7,400
(lock game)

[wagering suggestions for these scores]

Final Jeopardy! Round responses

PHYSICISTS
(Mayim: [To Jeric] That's correct. [*], in his uncertainty principle. It said you can't know the exact position and velocity of a particle.)
...
(Mayim: [To Lucy] It was going to be Schrödinger, maybe.)
Jeric!Who is Heisenberg?
$601
LucyWho is Schr Heisenberg
$8,000
RaymondWho is Heisenberg?
$821
Werner Heisenberg

Final scores:

Lucy Raymond Jeric!
$16,000 $26,021 $8,001
2nd place: $10,000 Winner: semifinalist 3rd place: $10,000

Game dynamics:

Coryat scores:

Lucy Raymond Jeric!
$8,000 $23,400 $7,400
11 R,
1 W
29 R
(including 2 DDs),
4 W
(including 1 DD)
9 R,
1 W

Combined Coryat: $38,800

[game clues] [game scores] [suggest correction]

Game tape date: 2021-11-22
The J! Archive is created by fans, for fans. Scraping, republication, monetization, and malicious use prohibited; this site may use cookies and collect identifying information. See terms. The Jeopardy! game show and all elements thereof, including but not limited to copyright and trademark thereto, are the property of Jeopardy Productions, Inc. and are protected under law. This website is not affiliated with, sponsored by, or operated by Jeopardy Productions, Inc. Join the discussion at JBoard.tv.